Southville International School and Colleges
Your cart is empty.
  • Cart
  • Lists
    Public lists Eva Luna New books Lux_list list_1
    Your lists Log in to create your own lists
  • Log in to your account
  • Your cookies
  • Search history
Southville International School and Colleges
  • Advanced search
  • Recent comments
  • Most popular
  • Libraries

Log in to your account

Log in with GOOGLE


If you do not have an external account, but do have a local account, you can still log in:

  1. Home
  2. MARC view: The Lock and Key Library :
Normal view MARC view ISBD view

The Lock and Key Library : (Record no. 230900)

[ view plain ]
MARC details
000 -LEADER
fixed length control field 02090cam a22004333a 4500
001 - CONTROL NUMBER
control field 1552
003 - CONTROL NUMBER IDENTIFIER
control field PGUSA
005 - DATE AND TIME OF LATEST TRANSACTION
control field 20140828083003.0
008 - FIXED-LENGTH DATA ELEMENTS--GENERAL INFORMATION
fixed length control field 981201s1998||||xxu|||||s|||||000 1 eng d
040 ## - CATALOGING SOURCE
Original cataloging agency PGUSA
Language of cataloging eng
042 ## - AUTHENTICATION CODE
Authentication code dc
050 #4 - LIBRARY OF CONGRESS CALL NUMBER
Classification number PN
245 14 - TITLE STATEMENT
Title The Lock and Key Library :
Remainder of title The Most Interesting Stories of All Nations: North Europe — Russian — Swedish — Danish — Hungarian
Medium [electronic resource]
260 ## - PUBLICATION, DISTRIBUTION, ETC. (IMPRINT)
Name of publisher, distributor, etc Project Gutenberg,
Date of publication, distribution, etc 1998
500 ## - GENERAL NOTE
General note See also: #12144
505 0# - FORMATTED CONTENTS NOTE
Formatted contents note ALEXANDER SERGEIEVITCH PUSHKIN -- The Queen of Spades -- VERA JELIHOVSKY -- The General's Will -- FEODOR MIKHAILOVITCH DOSTOYEVSKY -- Crime and Punishment -- ANTON CHEKHOFF -- The Safety Match -- VSEVOLOD VLADIMIROVITCH KRESTOVSKI -- Knights of Industry -- JORGEN WILHELM BERGSOE -- The Amputated Arms -- OTTO LARSSEN -- The Manuscript -- BERNHARD SEVERIN INGEMANN -- The Sealed Room -- STEEN STEENSEN BLICHER -- The Rector of Veilbye -- HUNGARIAN MYSTERY STORIES -- FERENCZ MOLNAR -- The Living Death -- MAURUS JOKAI -- Thirteen at Table -- ETIENNE BARSONY -- The Dancing Bear -- ARTHUR ELCK -- The Tower Room
506 ## - RESTRICTIONS ON ACCESS NOTE
Terms governing access Public domain in the USA.
516 ## - TYPE OF COMPUTER FILE OR DATA NOTE
Type of computer file or data note Electronic text
653 ## - INDEX TERM--UNCONTROLLED
Uncontrolled term Detective and mystery stories
653 ## - INDEX TERM--UNCONTROLLED
Uncontrolled term Fiction
653 ## - INDEX TERM--UNCONTROLLED
Uncontrolled term Short stories
700 1# - ADDED ENTRY--PERSONAL NAME
Personal name Hawthorne, Julian,
Dates associated with a name 1846-1934
700 1# - ADDED ENTRY--PERSONAL NAME
Personal name Larssen, Otto,
Dates associated with a name 1864-1910
700 1# - ADDED ENTRY--PERSONAL NAME
Personal name Barsony, Etienne
700 1# - ADDED ENTRY--PERSONAL NAME
Personal name Bergsøe, Vilhelm,
Dates associated with a name 1835-1911
700 1# - ADDED ENTRY--PERSONAL NAME
Personal name Zhelikhovskaia, V. P.
Fuller form of name (Vera Petrovna),
Dates associated with a name 1835-1896
700 1# - ADDED ENTRY--PERSONAL NAME
Personal name Elck, Arthur
700 1# - ADDED ENTRY--PERSONAL NAME
Personal name Ingemann, Bernhard Severin,
Dates associated with a name 1789-1862
700 1# - ADDED ENTRY--PERSONAL NAME
Personal name Jókai, Mór,
Dates associated with a name 1825-1904
700 1# - ADDED ENTRY--PERSONAL NAME
Personal name Dostoyevsky, Fyodor,
Dates associated with a name 1821-1881
700 1# - ADDED ENTRY--PERSONAL NAME
Personal name Chekhov, Anton Pavlovich,
Dates associated with a name 1860-1904
700 1# - ADDED ENTRY--PERSONAL NAME
Personal name Molnár, Ferenc,
Dates associated with a name 1878-1952
700 1# - ADDED ENTRY--PERSONAL NAME
Personal name Krestovskii, Vs. Vl.
Fuller form of name (Vsevolod Vladimīrovich),
Dates associated with a name 1840-1895
700 1# - ADDED ENTRY--PERSONAL NAME
Personal name Pushkin, Aleksandr Sergeevich,
Dates associated with a name 1799-1837
700 1# - ADDED ENTRY--PERSONAL NAME
Personal name Blicher, Steen Steensen,
Dates associated with a name 1782-1848
830 #0 - SERIES ADDED ENTRY--UNIFORM TITLE
Uniform title Project Gutenberg
Volume number/sequential designation 1552
856 40 - ELECTRONIC LOCATION AND ACCESS
Uniform Resource Identifier <a href="http://www.gutenberg.org/ebooks/1552">http://www.gutenberg.org/ebooks/1552</a>
942 ## - ADDED ENTRY ELEMENTS (KOHA)
Koha item type eBooks
Holdings
Withdrawn status Lost status Damaged status Home library Current library Date acquired Total Checkouts Date last seen Price effective from Koha item type
      Project Gutenberg Project Gutenberg 08/28/2014   08/28/2014 08/28/2014 eBooks

The Lock and Key Library :

APA

Hawthorne J., Larssen O., Barsony E., Bergsøe V., Zhelikhovskaia V. P., Elck A., Ingemann B. S., Jókai M., Dostoyevsky F., Chekhov A. P., Molnár F., Krestovskii V. V., Pushkin A. S. & Blicher S. S. (1998). The Lock and Key Library. : Project Gutenberg.

Chicago

Hawthorne Julian, Larssen Otto, Barsony Etienne, Bergsøe Vilhelm, Zhelikhovskaia V P, Elck Arthur, Ingemann Bernhard Severin, Jókai Mór, Dostoyevsky Fyodor, Chekhov Anton Pavlovich, Molnár Ferenc, Krestovskii Vs Vl, Pushkin Aleksandr Sergeevich and Blicher Steen Steensen. 1998. The Lock and Key Library. : Project Gutenberg.

Harvard

Hawthorne J., Larssen O., Barsony E., Bergsøe V., Zhelikhovskaia V. P., Elck A., Ingemann B. S., Jókai M., Dostoyevsky F., Chekhov A. P., Molnár F., Krestovskii V. V., Pushkin A. S. and Blicher S. S. (1998). The Lock and Key Library. : Project Gutenberg.

MLA

Hawthorne Julian, Larssen Otto, Barsony Etienne, Bergsøe Vilhelm, Zhelikhovskaia V P, Elck Arthur, Ingemann Bernhard Severin, Jókai Mór, Dostoyevsky Fyodor, Chekhov Anton Pavlovich, Molnár Ferenc, Krestovskii Vs Vl, Pushkin Aleksandr Sergeevich and Blicher Steen Steensen. The Lock and Key Library. : Project Gutenberg. 1998.

  • Place hold
  • Print
  • Cite
  • Add to your cart (remove)
  • Save record
    BIBTEX Dublin Core MARCXML MARC (non-Unicode/MARC-8) MARC (Unicode/UTF-8) MARC (Unicode/UTF-8, Standard) MODS (XML) RIS
  • More searches
    Search for this title in:
    Other Libraries (WorldCat) Other Databases (Google Scholar) Online Stores (Bookfinder.com) Open Library (openlibrary.org)

Exporting to Dublin Core...

SOUTHVILLE LIBRARY

Southville International School and Colleges Library

1281 Tropical Ave. Cor. Luxembourg St., BF Homes International, Las Pinas City

Tel. No. 8256374 / 252358 Loc. 117/146

Powered by Koha